00327nam a2200133Ia 4500008004100000020001500041041001200056082001600068100001600084245003100100260003800131300000800169650001600177221030s9999 xx 000 0 und d a0538694939 aEnglish a105.23bKno aT. Knowlton 0aBASICS C++cby T. Knowlton bThomson LearningaSingaporec2001 a289 aBE Computer